Dieci anni di immigrazione in Lombardia (Record n. 210414)
[ formato base ]
| 000 -LEADER | |
|---|---|
| fixed length control field | 02085nam a2200217Ia 4500 |
| 001 - CONTROL NUMBER | |
| control field | b6614-47582 |
| 003 - CONTROL NUMBER IDENTIFIER | |
| control field | IT-MiCISF |
| 008 - FIXED-LENGTH DATA ELEMENTS--GENERAL INFORMATION | |
| fixed length control field | 161014s9999||||xx |||||||||||||| ||und|| |
| 040 ## - CATALOGING SOURCE | |
| Original cataloging agency | IT-MiCISF |
| Transcribing agency | IT-MiCISF |
| 041 ## - LANGUAGE CODE | |
| Language code of text/sound track or separate title | it |
| 999 ## - SYSTEM CONTROL NUMBERS (KOHA) | |
| Koha Dewey Subclass [OBSOLETE] | si |
| 100 ## - MAIN ENTRY--PERSONAL NAME | |
| Personal name | Cesareo Vincenzo |
| 245 #0 - TITLE STATEMENT | |
| Title | Dieci anni di immigrazione in Lombardia |
| Remainder of title | Rapporto 2009 |
| 250 ## - EDITION STATEMENT | |
| Edition statement | 1a ed. |
| 260 ## - PUBLICATION, DISTRIBUTION, ETC. (IMPRINT) | |
| Place of publication, distribution, etc. | Milano |
| Name of publisher, distributor, etc. | Fondazione ISMU |
| Date of publication, distribution, etc. | 2010 |
| 300 ## - PHYSICAL DESCRIPTION | |
| Extent | pp. 556 |
| 500 ## - GENERAL NOTE | |
| General note | in collaborazione con Osservatorio regionale per l'integrazione e la multietnicità, Regione Lombardia. Alliata di Villafranca V., Camilli G., Codini E., Bonetti P., Gioiosas M., Blangiardo G.C., Zanfrini L., Caria M.P., Mirabelli S.M., Besozzi E..... / società-multiculturale, situazione-demografica, servizi-sociali, integrazione, legislazione, territorio, scuola, salute, famiglia-migranti, lavoro, abitazione, devianza, prostituzione, associazionismo / Per celebrare il decennale dell'Osservatorio regionale per l'integrazione e la multietnicità (ORIM), istituito dal Consiglio regionale lombardo, e con la collaborazione della Fondazione ISMU (Iniziative e studi sulla multietnicità), né stata pubblicata una serie di volumi che testimoniano le diverse attività di indagine dell'Osservatorio. Il volume raccoglie i principali esiti della ricostruzione storica di dieci anni di immigrazione nella regione Lombardia, con una riflessione sui nodi e sui problemi emersi nonché sulle buone pratiche e possibili soluzioni volte allo sviluppo di politiche di intergrazione, realizzando - ove possibile - un confronto con altre realtà europee. Nel dettaglio dei capitoli viene analizzata la legislazione regionale concernente gli immigrati, i diritti politici degli stranieri, la presenza nella scuola e nel lavoro, la famiglia ricongiunta e la salute, le condizioni abitative, il fenomeno criminalità e prostituzione, l'associazionismo degli immigrati e i progetti regionali e locali per l'integrazione degli stranieri. |
| 650 ## - SUBJECT ADDED ENTRY--TOPICAL TERM | |
| Topical term or geographic name as entry element | Famiglia nella società / società |
| Relator term | 006 |
| 700 ## - ADDED ENTRY--PERSONAL NAME | |
| Personal name | AA.VV. |
| 942 ## - ADDED ENTRY ELEMENTS (KOHA) | |
| Koha item type | LIBRO |
| 957 ## - | |
| -- | 1 |
| 999 ## - SYSTEM CONTROL NUMBERS (KOHA) | |
| -- | 1 |
| Withdrawn status | Lost status | Damaged status | Not for loan | Home library | Current library | Date acquired | Total Checkouts | Full call number | Date last seen | Price effective from | Koha item type | Public note |
|---|---|---|---|---|---|---|---|---|---|---|---|---|
| Buone Condizioni | Not For Loan | CISF - Milano | CISF - Milano | 14/10/2016 | b6614-47582 | 14/10/2016 | 14/10/2016 | LIBRO | Data import 15.10.2016 / by Epidotti, Vaglietti |